000
00248nam a2200085Ia 4500
245
0
_a
Easy fast and delicious
100
_a
CHEIFITZ, Phillippa Cape Town, South Africa, 2010
_9
86167
942
_c
BK
008
210817s9999 xx 000 0 und d
999
_c
327256
_d
327255